Catálogo

Vista normal Vista MARC

Entrada Personal Name

Número de registros utilizados en: 1

001 - CONTROL NUMBER

  • control field: 17062

003 - CONTROL NUMBER IDENTIFIER

  • control field: DLC

005 - DATE AND TIME OF LATEST TRANSACTION

  • control field: 20250513110841.0

008 - FIXED-LENGTH DATA ELEMENTS

  • fixed length control field: 960927n| acannaabn |a aaa

010 ## - LIBRARY OF CONGRESS CONTROL NUMBER

  • LC control number: n 96094261

035 ## - SYSTEM CONTROL NUMBER

  • System control number: (OCoLC)oca04171316

040 ## - CATALOGING SOURCE

  • Original cataloging agency: DLC
  • Language of cataloging: spa
  • Transcribing agency: Mx-PuUPA
  • Modifying agency: DLC
  • Modifying agency: OCoLC
  • Modifying agency: Mx-PuUPA
  • Description conventions: rda

100 1# - HEADING--PERSONAL NAME

  • Personal name: Sosa Elízaga, Raquel,

374 ## - OCCUPATION

  • Occupation: Autora

375 ## - GENDER

  • Gender: mujer

377 ## - ASSOCIATED LANGUAGE

  • Language code: spa

400 1# - SEE FROM TRACING--PERSONAL NAME

  • Personal name: Elízaga, Raquel Sosa

400 1# - SEE FROM TRACING--PERSONAL NAME

  • Personal name: Sosa, Raquel

670 ## - SOURCE DATA FOUND

  • Source citation: Los códigos ocultos del cardenismo, 1996:
  • Information found: t.p. (Raquel Sosa Elízaga)

670 ## - SOURCE DATA FOUND

  • Source citation: América Latina y el Caribe, 1996:
  • Information found: t.p. (Raquel Sosa Elízaga) spine (Raquel Sosa)